Normal view
MARC view
- von Siemens, B.
Entry Personal Name
001 - CONTROL NUMBER
- control field: 42671
003 - CONTROL NUMBER IDENTIFIER
- control field: OSt
005 - DATE AND TIME OF LATEST TRANSACTION
- control field: 20201215133833.0
008 - FIXED-LENGTH DATA ELEMENTS
- fixed length control field: 201215|| aca||aabn | a|a d
040 ## - CATALOGING SOURCE
- Original cataloging agency: OSt
- Transcribing agency: OSt
100 ## - HEADING--PERSONAL NAME
- Personal name: von Siemens, B.
- Relator term: Author.
670 ## - SOURCE DATA FOUND
- Source citation: Work cat.: (OSt): Mueller, Susan 42666, What do entrepreneurs actually do? an observational study of entrepreneurs' everyday behavior in the start-up and growth stages/, ©2012.
